Cogeneracion / Genaro Orozco Barba (Registro nro. 17041)
[ vista simple ]
| 000 -LÍDER | |
|---|---|
| fixed length control field | 00460nam a2200133 4500 |
| 008 - ELEMENTOS DE LONGITUD FIJA -- INFORMACIÓN GENERAL | |
| fixed length control field | 0 1987 0a 000 0MEX |
| 050 ## - SIGNATURA TOPOGRAFICA DE LA BIBLIOTECA DEL CONGRESO (LC) | |
| Número de Clasificación | TP155 O774 1987 |
| 082 ## - NUMERO DE CLASIFICACION DECIMAL DEWEY | |
| Número de Clasificación | 621.18 O774c |
| 100 ## - ASIENTO PRINCIPAL--NOMBRE PERSONAL | |
| Nombre personal | Orozco Barba, Genaro |
| 245 ## - TÍTULO | |
| Título | Cogeneracion / Genaro Orozco Barba |
| 300 ## - DESCRIPCIÓN FÍSICA | |
| Extensión | 62 p. / 21 cm. |
| 502 ## - NOTA DE TESIS | |
| Nota de tesis | (Ing. Quimica) - Instituto Tecnologico de Zacatepec - Ing. Carlos Felipe Cano Ochoa |
| 650 ## - ASIENTO SECUNDARIO DE MATERIA - TERMINO TEMÁTICO | |
| Término temático o nombre geográfico como elemento de entrada | 1.SISTEMAS COGENERADORES \ 2.MEDIDAS DE SEGURIDAD |
| No. biblioteca | No. biblioteca | Número de clasificación | Código de barras/Número de adquisición | Número de copia | Tipo de material |
|---|---|---|---|---|---|
| TESIS QUÍMICA | TESIS QUÍMICA | 621.18 O774c | Q158-1987 | 1 | Tesis |
